Vers une Europe de la distribution?

Význam distribúcie v európskej ekonomike. Európa a spotreba. Súkromná spotreba a distribúcia. Počet skladov a obyvateľov. Počet supermarketov. Distribúcia v malopredaji. Rozdeľovanie potravín v malom. Distribučný sektor a rok 1993. Najdôležitejší distributéri EHS a ich obraty. (Banque Bruxelles Lamb...

Descrizione completa

Salvato in:
Dettagli Bibliografici
Autore principale: Pierre, A.
Altri autori: Doorslaer, E.
Natura: Capitolo di libro
Lingua:francese
Soggetti:
Tags: Aggiungi Tag
Nessun Tag, puoi essere il primo ad aggiungerne!!

MARC

LEADER 00000naa a2200000 4500
001 r004098
005 20221125091703.7
041 0 |a fre 
044 |a FR 
245 1 0 |a Vers une Europe de la distribution?  |c A. Pierre, E. Doorslaer 
520 |a Význam distribúcie v európskej ekonomike. Európa a spotreba. Súkromná spotreba a distribúcia. Počet skladov a obyvateľov. Počet supermarketov. Distribúcia v malopredaji. Rozdeľovanie potravín v malom. Distribučný sektor a rok 1993. Najdôležitejší distributéri EHS a ich obraty. (Banque Bruxelles Lambert 1990, september.). 
610 2 0 |a distribúcia 
610 2 0 |a Európa 
610 2 0 |a spotreba 
610 2 0 |a maloobchod 
610 2 0 |a EHS 
610 2 0 |a sklady 
610 2 0 |a supermarkety 
100 1 |a Pierre, A. 
700 1 |a Doorslaer, E.